<?xml version="1.0" encoding="UTF-8"?>
<record
    xmlns:xsi="http://www.w3.org/2001/XMLSchema-instance"
    xsi:schemaLocation="http://www.loc.gov/MARC21/slim http://www.loc.gov/standards/marcxml/schema/MARC21slim.xsd"
    xmlns="http://www.loc.gov/MARC21/slim">

  <leader>00676nam a22001817a 4500</leader>
  <controlfield tag="008">230310b        |||||||| |||| 00| 0 eng d</controlfield>
  <datafield tag="022" ind1=" " ind2=" ">
    <subfield code="a">1048-9711</subfield>
  </datafield>
  <datafield tag="040" ind1=" " ind2=" ">
    <subfield code="a">National Science Library</subfield>
    <subfield code="c">National Science Library</subfield>
  </datafield>
  <datafield tag="080" ind1=" " ind2=" ">
    <subfield code="a">D 025.43LCSH</subfield>
    <subfield code="b">P0.1</subfield>
  </datafield>
  <datafield tag="245" ind1=" " ind2=" ">
    <subfield code="a">Library of congress subject headings</subfield>
    <subfield code="c">/ Prepared by the office for subject cataloging policy collections services</subfield>
  </datafield>
  <datafield tag="250" ind1=" " ind2=" ">
    <subfield code="a">23rd ed.</subfield>
  </datafield>
  <datafield tag="260" ind1=" " ind2=" ">
    <subfield code="a">Washington D. C.: </subfield>
    <subfield code="b">Library of Congress, </subfield>
    <subfield code="c">2000</subfield>
  </datafield>
  <datafield tag="300" ind1=" " ind2=" ">
    <subfield code="a">xvii, 1521p.</subfield>
  </datafield>
  <datafield tag="500" ind1=" " ind2=" ">
    <subfield code="a">Vol. 1 A-C
Vol. 2 (D-H); ISSN: 1048-9711; iii, 1523-2813p.
Vol. 5 (S-Z); ISSN: 1048-9711; iii, 5231-6677p.</subfield>
  </datafield>
  <datafield tag="650" ind1=" " ind2=" ">
    <subfield code="a">LCSH</subfield>
  </datafield>
  <datafield tag="653" ind1=" " ind2=" ">
    <subfield code="a">Symbols</subfield>
  </datafield>
  <datafield tag="942" ind1=" " ind2=" ">
    <subfield code="2">udc</subfield>
    <subfield code="c">BK</subfield>
  </datafield>
  <datafield tag="999" ind1=" " ind2=" ">
    <subfield code="c">7422</subfield>
    <subfield code="d">7422</subfield>
  </datafield>
  <datafield tag="952" ind1=" " ind2=" ">
    <subfield code="0">0</subfield>
    <subfield code="1">0</subfield>
    <subfield code="2">udc</subfield>
    <subfield code="3">Vol. 1, 2000</subfield>
    <subfield code="4">0</subfield>
    <subfield code="6">D_02543LCSH_P01</subfield>
    <subfield code="7">0</subfield>
    <subfield code="9">10660</subfield>
    <subfield code="a">NSL</subfield>
    <subfield code="b">NSL</subfield>
    <subfield code="c">GF/Rk-2/C-15/R-2</subfield>
    <subfield code="d">2000-10-17</subfield>
    <subfield code="l">0</subfield>
    <subfield code="o">D 025.43LCSH P0.1</subfield>
    <subfield code="p">179234</subfield>
    <subfield code="r">2023-03-10 00:00:00</subfield>
    <subfield code="w">2023-03-10</subfield>
    <subfield code="y">BK</subfield>
  </datafield>
  <datafield tag="952" ind1=" " ind2=" ">
    <subfield code="0">0</subfield>
    <subfield code="1">0</subfield>
    <subfield code="2">udc</subfield>
    <subfield code="3">Vol. 1, 2000</subfield>
    <subfield code="4">0</subfield>
    <subfield code="6">D_02543LCSH_P05</subfield>
    <subfield code="7">0</subfield>
    <subfield code="9">11397</subfield>
    <subfield code="a">NSL</subfield>
    <subfield code="b">NSL</subfield>
    <subfield code="c">GF/Rk-2/C-15/R-1</subfield>
    <subfield code="d">2000-10-17</subfield>
    <subfield code="h">Vol. 5 (S-Z); ISSN: 1048-9711; iii, 5231-6677p.</subfield>
    <subfield code="l">0</subfield>
    <subfield code="o">D 025.43LCSH P0.5</subfield>
    <subfield code="p">179238</subfield>
    <subfield code="r">2023-03-13 00:00:00</subfield>
    <subfield code="w">2023-03-13</subfield>
    <subfield code="y">BK</subfield>
  </datafield>
  <datafield tag="952" ind1=" " ind2=" ">
    <subfield code="0">0</subfield>
    <subfield code="1">0</subfield>
    <subfield code="2">udc</subfield>
    <subfield code="3">Vol. 1, 2000</subfield>
    <subfield code="4">0</subfield>
    <subfield code="6">D_02543LCSH_P02</subfield>
    <subfield code="7">0</subfield>
    <subfield code="9">11399</subfield>
    <subfield code="a">NSL</subfield>
    <subfield code="b">NSL</subfield>
    <subfield code="c">GF/Rk-2/C-15/R-1</subfield>
    <subfield code="d">2000-10-17</subfield>
    <subfield code="h">Vol. 2 (D-H); ISSN: 1048-9711; iii, 1523-2813p.</subfield>
    <subfield code="l">0</subfield>
    <subfield code="o">D 025.43LCSH P0.2</subfield>
    <subfield code="p">179235</subfield>
    <subfield code="r">2023-03-13 00:00:00</subfield>
    <subfield code="w">2023-03-13</subfield>
    <subfield code="y">BK</subfield>
  </datafield>
</record>
